Distancia / (Record no. 135508)

MARC details
000 -LEADER
campo de control de longitud fija 00573nam a2200181 i 4500
001 - NÚMERO DE CONTROL
campo de control 135508
003 - IDENTIFICADOR DE NÚMERO DE CONTROL
campo de control ES-MaACL
007 - CAMPO FIJO DE DESCRIPCIÓN FÍSICA--INFORMACIÓN GENERAL
campo de control de longitud fija t|
008 - DATOS DE LONGITUD FIJA--INFORMACIÓN GENERAL
campo de control de longitud fija 070719s1980 sp ||||1| spa d
080 ## - NÚMERO DE LA CLASIFICACIÓN DECIMAL UNIVERSAL
Número de la Clasificación Decimal Universal 860-14"19"
100 1# - ENTRADA PRINCIPAL--NOMBRE DE PERSONA
Nombre de persona Torre Vivero, Carmen de la.
9 (RLIN) 110791
245 10 - MENCIÓN DEL TÍTULO
Título Distancia /
Mención de responsabilidad, etc. Carmen de la Torre Vivero ; prólogo de Joaquín Romero Marchent.
260 ## - PUBLICACIÓN, DISTRIBUCIÓN, ETC.
Lugar de publicación, distribución, etc. Madrid :
Nombre del editor, distribuidor, etc. [s.n.],
Fecha de publicación, distribución, etc. 1980 (
Fabricante [Gráf. Sanchez])
300 ## - DESCRIPCIÓN FÍSICA
Extensión 119 p. ;
Dimensiones 22 cm.
500 ## - NOTA GENERAL
Nota general Con retrato de la autora.
700 1# - ENTRADA AGREGADA--NOMBRE PERSONAL
Nombre de persona Romero Marchent, Joaquín.
9 (RLIN) 99407
852 ## - LOCALIZACIÓN
Ubicación ES-MaACL
Número de control de estantería L-6779
Sublocalización o colección R.106765
Holdings
Estatus retirado Estado de pérdida Estado de daño No para préstamo Biblioteca de origen Biblioteca actual Ubicación en estantería Fecha de adquisición Fuente de adquisición Total de préstamos Signatura topográfica completa Código de barras Visto por última vez Precio de reemplazo Tipo de ítem Koha
        Biblioteca del Ateneo de Madrid Biblioteca del Ateneo de Madrid Depósito 2 17/01/2008     L-6779 1141035 23/02/2023 23/02/2023 Libro impreso